| 000 | 00530cam a22002291 4500 | ||
|---|---|---|---|
| 001 | sa 63001378 | ||
| 003 | DLC | ||
| 005 | 20260227111927.0 | ||
| 008 | 940805s1962 ii 000 1 beno | ||
| 010 | _asa 63001378 | ||
| 025 | _aPL480:I-B-31 | ||
| 035 | _a(OCoLC)30890664 | ||
| 040 |
_aDLC _cCU _dCU _dDLC |
||
| 042 | _apremarc | ||
| 050 | 0 | 0 |
_aPK1718.R313 _bT7 |
| 100 | 1 |
_aRay, Sushil, _d1915- |
|
| 245 | 1 | 0 | _aTrinaẏanā. |
| 260 | _c[1962] | ||
| 300 |
_a238 p. _c23 cm. |
||
| 500 | _aIn Bengali. | ||
| 500 | _aA novel. | ||
| 999 |
_c53933 _d53933 |
||